000 00349 a2200157 4500
001 68087
020 _a9783126765381
040 _cAnchieta - Pituba
100 _aMotta, Giorgio
240 1 0 _aDeutsch echt einfach A1
_ldeu / ger
245 1 0 _aDeutsch echt einfach A1
300 _a40
362 0 _a2016
650 4 _aLíngua alemã
942 _cBK
999 _c68087
_d68087